| 000 | 00449nam a2200145Ia 4500 | ||
|---|---|---|---|
| 008 | 230917s9999||||xx |||||||||||||| ||und|| | ||
| 040 |
_e24220 _aMAIN |
||
| 041 | _aEnglish | ||
| 082 | _a820.9 G872C | ||
| 100 | _aGrierson, Herbert J C | ||
| 245 | 0 | _aCross-currents in 17th century English literature: The world, the flesh and the spirit, their action and reactions | |
| 260 |
_aNew York _bHarper & Row _c1958 |
||
| 300 | _axvi, 345 p. | ||
| 942 | _cBK | ||
| 999 |
_c43948 _d43948 |
||